| 000 | 01041cam a2200313 a 4500 | ||
|---|---|---|---|
| 001 | 58221 | ||
| 003 | CO-BoRNBP | ||
| 005 | 20250820202124.0 | ||
| 007 | ta | ||
| 008 | 081210s1997 mx a jr 000 j spa | ||
| 020 | _a9681647238 | ||
| 040 |
_aCO-BoBN _bspa _cCO-BoBN |
||
| 043 | _an-us--- | ||
| 082 | 0 | 4 |
_aEU823.54 _221 |
| 100 | 1 |
_aSoto, Gary _962675 |
|
| 245 | 1 | 0 |
_aCruzando el Pacífico / _cGary Soto ; ilustraciones de Felipe Ugalde ; traducción de Carmen Corona del Conde |
| 250 | _a1a. ed. | ||
| 300 |
_a142 p. : _bil. ; _c19 cm |
||
| 336 |
_2rdacontent _atexto _btxt |
||
| 337 |
_2rdamedia _asin mediación _bn |
||
| 338 |
_2rdacarrier _avolumen _bnc |
||
| 650 | 1 | 4 |
_aCuentos infantiles estadounidenses _ySiglo XX _2LEMB _9816 |
| 650 | 2 | 4 |
_aLiteratura infantil estadounidense _ySiglo XX _2LEMB _9817 |
| 650 | 2 | 4 |
_aVida en el campo _vCuentos _2LEMB _962692 |
| 700 | 1 |
_aUgalde, Felipe, _eilustrador _962693 |
|
| 700 | 1 |
_aCorona del Conde, Carmen, _etraductor _962694 |
|
| 942 |
_2ddc _cBK |
||
| 999 |
_c58221 _d58221 |
||